Music Quiz

Random Music or Popular Quiz

Song Title Spelling Bee Quiz Stats

 Plays Quiz Updated May 8, 2012

Challenge
Share
Tweet
Embed
Score 0/20 Timer 10:00
4 Plays Today
Description % Correct
This song written in 1965 by Otis Redding is the signature song of Aretha Franklin. 'All I'm asking for is a little...'R-E-S-P-E-C-T find out what it means to me
91.1%
'There was a farmer had a dog...' named similarly to a senior citizen's favorite Sunday past time.B-I-N-G-O
71.6%
In Gwen Stefani's 2004 hit 'Hollaback girl', she tells us how this sh*t is.B-A-N-A-N-A-S
69%
In the late 1950's, every kid wanted to be in this famous rodent's club. His name- sang to a tune- reached awesome status when the Marines sung it in the movie, 'Full Metal Jacket'M-I-C-K-E-Y-M-O-U-S-E
59.9%
Al Green's 1975 hit gets 'awwww' points for replacing the significant other's name with the spelling of this word. Hint #2: 1 Corinthians 13:4-7L-O-V-E
51.9%
Do you got a first aid kit handy? Danity Kane's 2008 song, 'Damaged' goes a little like, 'can you fix my _ _ _ _ _ 'cause it's D-A-M-A-G-E-D'H-E-A-R-T
49.1%
Lyle Lovett's 1987 song tells men the timeless bottom line toward (financial) happiness: 'if you want that girl what you need is.....'M-O-N-E-Y
44.9%
If you ain't got no money take your broke a** home! But if you got it, Fergie's 2007 song might very well be your anthem if you're living flossy flossy!G-L-A-M-O-R-O-U-S
43.6%
In this 1976 weekend anthem, The Bay City Rollers are 'gonna keep on dancin' to the rock n roll' on the night of this DAY.....S-A-T-U-R-D-A-Y NIGHT!
41.9%
As if cooties aren't bad enough, 1950's country music icon Ernest Tubb warns young boys that _ _ _ _ spells trouble!G-I-R-L
40.3%
Description % Correct
Canadian band 'Men Without Hats' released this 1981 dance hit that spells an echoing word that meant we caught your ball carrier in your own endzone.S-A-F-E-T-Y
38.7%
In this 2004 song, 'U Make Me Wanna,' Mariah Carey spells this four-letter word that rapper Jadakiss loves it when you say to him. '_ _ _ _ ME!'K-I-S-S
35.4%
The 1992 song by 'Faith No More' tells us what you got to BE. Annoyingly over used by cheerleaders everywhere.A-G-G-R-E-S-S-I-V-E
29.5%
Sad song made famous by Tammy Wynette in 1968: 'Our little boy is 4 years old and quite a little man, So we spell out the words we don't want him to understand' such as this word..D-I-V-O-R-C-E
28.6%
The song 'Misirlou' is popularized by the movie Pulp Fiction. This was sampled by an alternative hip-hop group that spells out their group name in their 2006 song, 'Pump It.'B-L-A-C-K -E-Y-E-D -P to the E, then the A to the S
27.8%
After misspelling 'tasty' Will.I.Am spells us what he wants us to believe Fergie tastes like in this 2006 song, 'Fergalicious'.D - to the E - to the L-I-C-I-O-U-S
25.1%
Rapper 'Webbie' tells us in 2007 that he likes a woman who 'Got Her Own House / Got Her Own Car...' aka..I-N-D-E-P-E-N-D-E-N-T do you know what that mean?
24.1%
It was falsely rumored that this sexy female R&B artist was a man. She spells out her name in the beginning of her 2007 song entitled, 'Like a Boy'.C-I-A-R-A
23.4%
Rapper Jay-Z in 2001 spells his nickname in SnoopDogg-speak in the song 'Izzo'H to the izz-O V to the izz-A
21%
This R&B artist spells out his first and last name in the 1997 song, 'Nice and Slow'.They call me U-S-H-E-R R-A-Y-M-O-N-D
11.9%

You're not logged in!

Compare scores with friends on all Sporcle quizzes.
Join for Free
OR
Log In

You Might Also Like...

Show Comments

Extras

Top Quizzes Today


Score Distribution

Your Account Isn't Verified!

In order to create a playlist on Sporcle, you need to verify the email address you used during registration. Go to your Sporcle Settings to finish the process.

Report this User

Report this user for behavior that violates our Community Guidelines.

Details: